Multiple Choice City Quiz – Wellington - Statistics

General Stats
  • This quiz has been taken 157 times
    135 since last reset
  • The average score is 7 of 10
Answer Stats
Question Answer % Correct
Wellington is New Zealand's third most populous city, after the cities of Auckland and ___________? Christchurch
93%
What is the demonym of a person from Wellington? Wellingtonian
89%
What is Wellington named after? The Duke of Wellington
85%
Which strait is Wellington Harbour situated upon? Cook Strait
84%
What is the common nickname of the NZ Parliament Buildings' Executive Wing? The Beehive
74%
Wellington is home to Te Papa, meaning 'Treasure Box' in Maori. What is Te Papa? The National Museum
71%
Which popular tourist attraction (and form of public transport) connects Lambton Quay to Kelburn? Wellington Cable Car
71%
Wellington is the southernmost capital city in the world. What other distinction does it hold? Windiest Capital
65%
Which Oscar-winning film modelling (& special effects) studio is based in Wellington? Wētā Workshops
60%
In what year did Wellington become the capital of New Zealand? 1865
32%
No matching quizzes found
Score Distribution
Percent of People with Each Score
Percentile by Number Answered
Your Score History
You have not taken this quiz since the last reset